| 000 | 00743nam a2200205 i 4500 | ||
|---|---|---|---|
| 001 | 139221 | ||
| 003 | ES-MaACL | ||
| 005 | 20230906195728.0 | ||
| 007 | t| | ||
| 008 | 070214s1947 sp r ||||1| spa d | ||
| 100 | 1 |
_aSciacca, Michele Federico. _9104923 |
|
| 245 | 1 | 3 |
_aLa filosofía, hoy _b: de los orígenes románticos de la Filosofía contemporánea hasta los problemas actuales / _cMichele Federico Sciacca ; [traducción del italiano por Claudio Matons Rossi]. |
| 250 | _a1ª ed. | ||
| 260 |
_aBarcelona : _bLuis Miracle, _c1947. |
||
| 300 |
_a444 p. ; _c23 cm. |
||
| 650 | 4 |
_aFilosofía- _yS.XIX. _9163575 |
|
| 650 | 0 | 4 |
_aFilosofía- _yS.XX. _912826 |
| 700 | 1 |
_aMatons Rossi, Claudio. _979092 |
|
| 852 |
_aES-MaACL _jF-5210 _bR.26891 |
||
| 999 |
_c139221 _d139221 |
||